El estrés y su relación con el desarrollo de síndrome de intestino irritable (Registro nro. 33410)

Detalles MARC
000 -CABECERA
Longitud fija campo de control 01075nam a22002297a 4500
003 - IDENTIFICADOR DELl NÚMERO DE CONTROL
Identificador del número de control OSt
005 - FECHA Y HORA DE LA ÚLTIMA TRANSACCIÓN
Fecha y hora de la última transacción 20221212211736.0
008 - CÓDIGOS DE INFORMACIÓN DE LONGITUD FIJA
Códigos de información de longitud fija 140214b2022 slv spa
040 ## - FUENTE DE LA CATALOGACIÓN
Centro transcriptor BMC
082 ## - NÚMERO DE LA CLASIFICACIÓN DECIMAL DEWEY
Númeroo de clasificación 616.33
100 1# - PUNTO DE ACCESO PRINCIPAL-NOMBRE DE PERSONA
Nombre de persona Pimentel Vásquez, Marcela Carolina
9 (RLIN) 46647
245 10 - MENCIÓN DE TÍTULO
Título El estrés y su relación con el desarrollo de síndrome de intestino irritable
Resto del título : investigación, informe final
Mención de responsabilidad, etc. Marcela Carolina Pimentel Vásquez, Katherinne Valentina Ramírez González, Carmen Elena Somoza Vargas
260 ## - PUBLICACIÓN, DISTRIBUCIÓN, ETC. (PIE DE IMPRENTA)
Lugar de publicación, distribución, etc. Santa Ana (El Salvador)
Nombre del editor, distribuidor, etc. Universidad Católica de El Salvador
Fecha de publicación, distribución, etc. 2021
300 ## - DESCRIPCIÓN FÍSICA
Extensión 45 h.
Dimensiones 28 cm
Material anejo + 1 disco compacto
500 ## - NOTA GENERAL
Nota general Precede al tít.: Universidad Católica de El Salvador, Facultad de Ciencias de la Salud
502 ## - NOTA DE TESIS
Nota de tesis Para optar al grado académico de: Doctorado en Medicina
650 24 - PUNTO DE ACCESO ADICIONAL DE MATERIA - TÉRMINO DE MATERIA
9 (RLIN) 4238
Término de materia o nombre geográfico como elemento inicial Gastroenterología
700 1# - PUNTO DE ACCESO ADICIONAL - NOMBRE DE PERSONA
Nombre de persona Ramírez González, Katherinne Valentina
9 (RLIN) 46648
700 1# - PUNTO DE ACCESO ADICIONAL - NOMBRE DE PERSONA
Nombre de persona Somoza Vargas, Carmen Elena
9 (RLIN) 46649
710 2# - PUNTO DE ACCESO ADICIONAL - NOMBRE DE ENTIDAD
9 (RLIN) 33484
Nombre de entidad o nombre de jurisdicción como elemento inicial Universidad Católica de El Salvador
Unidad subordinada Facultad de Ciencias de la Salud
942 ## - ENTRADA DE ELEMENTOS AGREGADOS (KOHA)
Fuente de clasificaión o esquema Dewey Decimal Classification
Koha [por defecto] tipo de item 4- Trabajo de Graduación
Existencias
Suprimido Perdido Fuente de clasificación o esquema Estropeado Restricciones de uso No para préstamo Código de colección Localización permanente Localización actual Localización en estanter&íacute;as Fecha adquisición Fuente de adquisición Número de inventario Préstamos totales Signatura completa Código de barras Fecha última consulta Fecha último préstamo Fecha del precio de reemplazo Tipo de item de Koha
NULL NULL Dewey Decimal Classification NULL Prestable NULL NULL Biblioteca Centro Regional de Ilobasco Biblioteca Centro Regional de Ilobasco Sala Principal 04/07/2024 Donación - Marcela Carolina Pimentel Vásquez, Katherinne Valentina Ramírez González, Carmen Elena Somoza Vargas 000305 1 IN-000305 1052192 16/07/2025 10/07/2025 04/07/2024 4- Trabajo de Graduación
NULL NULL Dewey Decimal Classification NULL Prestable NULL NULL Biblioteca Miguel de Cervantes - UNICAES Biblioteca Miguel de Cervantes - UNICAES Sala Principal 27/07/2022 Donación - Marcela Carolina Pimentel Vásquez, Katherinne Valentina Ramírez González, Carmen Elena Somoza Vargas 000786 2 I-000786 1049902 02/05/2024 02/05/2024 13/10/2022 4- Trabajo de Graduación